000 00522nam a22001937a 4500
005 20151006060850.0
008 980317s1999 nju b 001 0 eng
020 _a013081430X
080 _a82-95
100 1 _aRoberts, Edgar V.
245 1 0 _aWriting about literature /
_cEdgar V. Roberts.
250 _a9th ed.
260 _aUpper Saddle River, N.J. :
_bPrentice Hall,
_c1999.
300 _a400 f. ;
_c23 cm.
505 _aIndex: f.397 - 400
650 0 _aLiteratura
650 0 _aShkrim Akademik
_x.
942 _2udc
_cBK
999 _c604
_d604